| 000 | 00353nam a2200145Ia 4500 | ||
|---|---|---|---|
| 008 | 230917s9999||||xx |||||||||||||| ||und|| | ||
| 040 |
_e160215 _aMAIN |
||
| 041 | _aEnglish | ||
| 082 | _a658.3 M264H | ||
| 100 | _aMadhukar, Manoj | ||
| 245 | 0 | _aHuman resource management in tourism | |
| 260 |
_aDelhi _bRajat _c2000 |
||
| 300 | _a286 p. | ||
| 942 | _cBK | ||
| 999 |
_c137706 _d137706 |
||